• 首页
  • 本馆介绍
  • 公告通知
  • 最新文献
  • 馆藏检索
  • 电子资源
  • 读者导购
  • 参考咨询
  • 我的图书馆
  • 登录
  • 详细信息显示
  • 放入我的书架
  • 预约/预借图书
  • 作者相关作品
  • 分类相关作品
  • 丛书相关作品
  • 出版社相关作品

书目信息

  • 表格格式
  • 工作单格式
  • 卡片格式
题名:
复杂系统的动力学分析与同步控制
    
 
作者: 李德奎 编著
分册:  
出版信息: 成都   西南交通大学出版社  2017.11
页数: 189页
开本: 23cm
丛书名: 甘肃中医药大学定西校区学术文库
单 册:
中图分类: O415.5
科图分类:
主题词: 混沌理论--动力学分析 , 混沌理论--控制论
电子资源:
ISBN: 978-7-5643-5885-3
000 01044oam2 2200253 450
001 5297
005 20181015130038.75
010    @a978-7-5643-5885-3@dCNY48.00
100    @a20180513d2017 em y0chiy50 ea
101 0  @achi
102    @aCN@b510000
105    @aa z 000yy
200 1  @a复杂系统的动力学分析与同步控制@9fu za xi tong de dong li xue fen xi yu tong bu kong zhi@f李德奎编著
210    @a成都@c西南交通大学出版社@d2017.11
215    @a189页@c图@d23cm
225 1  @a甘肃中医药大学定西校区学术文库
330    @a本书首先简要介绍混沌、复杂网络的研究简史、相关概念、基本性质,以及经典的混沌系统模型。然后讨论混沌系统的稳定性,Hopf分岔和混沌系统的仿真电路。最后研究了相同维数和不同维数混沌系统的函数投影同步、非时滞复杂动力学网络的同步与控制、时滞复杂动力学网络的函数投影同步。
461  0 @12001 @a甘肃中医药大学定西校区学术文库
606 0  @a混沌理论@x动力学分析
606 0  @a混沌理论@x控制论
690    @aO415.5@v5
701  0 @a李德奎@9li de kui@f(1979-)@4编著
801  0 @aCN@b91MARC@c20180513
905    @aMuseLib@dO415.5@e117
    
    复杂系统的动力学分析与同步控制/李德奎编著.-成都:西南交通大学出版社,2017.11
    189页:图;23cm.-(甘肃中医药大学定西校区学术文库)
    
    
    ISBN 978-7-5643-5885-3:CNY48.00
    本书首先简要介绍混沌、复杂网络的研究简史、相关概念、基本性质,以及经典的混沌系统模型。然后讨论混沌系统的稳定性,Hopf分岔和混沌系统的仿真电路。最后研究了相同维数和不同维数混沌系统的函数投影同步、非时滞复杂动力学网络的同步与控制、时滞复杂动力学网络的函数投影同步。
●
相关链接 在E读中查询图书 在五车中查询图书 在当当中查询图书 在豆瓣中查询图书


正题名:复杂系统的动力学分析与同步控制     索取号:O415.5/117         预约/预借

序号 登录号 条形码 馆藏地/架位号 状态 备注
1 1129044   211290440   第二样本阅览室/ [索取号:O415.5/117] 在馆    
2 1129045   211290459   第三借阅区/ [索取号:O415.5/117] 在馆    
3 1129046   211290468   第三借阅区/ [索取号:O415.5/117] 在馆    
4 1129047   211290477   第三借阅区/ [索取号:O415.5/117] 在馆    
5 1129048   211290486   密集书库-物理学院/ [索取号:O415.5/117] 在馆    
唐山师范学院图书馆 欢迎您!
大连网信软件有限公司© 版权所有